Teorías de inflación y planes de estabilización en Argentina (Registro nro. 25548)

Detalles MARC
000 -LEADER
fixed length control field 00348 a2200109 4500
001 - CONTROL NUMBER
control field ART_11411
005 - DATE AND TIME OF LATEST TRANSACTION
control field 20260410161857.0
008 - FIXED-LENGTH DATA ELEMENTS--GENERAL INFORMATION
fixed length control field 260409a
100 1# - MAIN ENTRY--PERSONAL NAME
Personal name Visintini, Alfredo
245 10 - TITLE STATEMENT
Title Teorías de inflación y planes de estabilización en Argentina
773 0# - HOST ITEM ENTRY
Title Revista de Economía
Related parts - Nº 62 (ene./mar. 1991)
Record control number REV11077

No hay ítems disponibles.